[Event "Hastings Masters"]
[Site "Hastings, England"]
[Date "2015.01.05"
[Round "8.1"]
[White "Zhao, Jun"]
[WhiteElo "2585"]
[Black "Vakhidov, Jahongir"]
[BlackElo "2502"]
[Result "1-0"]

1. e4 {[%clk 1:39:21]} d5 {[%clk 1:23:21]} 2. exd5 {[%clk 1:39:17]} Qxd5
{[%clk 1:23:35]} 3. Nc3 {[%clk 1:39:39]} Qd6 {[%clk 1:23:47]} 4. d4
{[%clk 1:39:39]} Nf6 {[%clk 1:23:56]} 5. Nf3 {[%clk 1:39:53]} g6 {[%clk 1:24:05]}
6. Nb5 {[%clk 1:38:45]} Qb6 {[%clk 1:23:52]} 7. Na3 {[%clk 1:38:51]} c6
{[%clk 1:23:53]} 8. Nc4 {[%clk 1:35:23]} Qc7 {[%clk 1:24:00]} 9. Nce5
{[%clk 1:32:13]} Bg7 {[%clk 1:23:58]} 10. Bc4 {[%clk 1:32:07]} O-O
{[%clk 1:20:21]} 11. O-O {[%clk 1:32:09]} Nd5 {[%clk 1:13:35]} 12. Bb3
{[%clk 1:21:14]} e6 {[%clk 1:02:41]} 13. c4 {[%clk 1:11:32]} Nf6 {[%clk 1:01:18]}
14. h3 {[%clk 1:11:40]} c5 {[%clk 0:56:08]} 15. Bf4 {[%clk 1:10:28]} Qa5
{[%clk 0:55:37]} 16. d5 {[%clk 0:45:18]} Qd8 {[%clk 0:42:37]} 17. Rc1
{[%clk 0:36:22]} b6 {[%clk 0:25:55]} 18. Re1 {[%clk 0:29:04]} Nh5
{[%clk 0:16:51]} 19. Bh2 {[%clk 0:27:23]} Bh6 {[%clk 0:15:53]} 20. Rc3
{[%clk 0:24:40]} Bf4 {[%clk 0:03:36]} 21. Bxf4 {[%clk 0:16:23]} Nxf4
{[%clk 0:04:05]} 22. Qd2 {[%clk 0:16:26]} Nh5 {[%clk 0:04:29]} 23. Nxf7
{[%clk 0:13:13]} Kxf7 {[%clk 0:03:44]} 24. dxe6+ {[%clk 0:13:38]} Ke7
{[%clk 0:03:46]} 25. Rd3 {[%clk 0:12:15]} Qc7 {[%clk 0:04:15]} 26. Qh6
{[%clk 0:09:27]} Rh8 {[%clk 0:04:26]} 27. Ne5 {[%clk 0:08:10]} Bxe6
{[%clk 0:00:57]} 28. Nxg6+ {[%clk 0:07:19]} hxg6 {[%clk 0:01:25]} 29. Qxh8
{[%clk 0:07:03]} Kf7 {[%clk 0:00:42]} 30. Rf3+ {[%clk 0:05:54]} Bf5
{[%clk 0:01:04]} 31. Rxf5+ {[%clk 0:05:55]} 1-0

[Event "Hastings Masters"]
[Site "Hastings, England"]
[Date "2015.01.05"
[Round "8.2"]
[White "Edouard, Romain"]
[WhiteElo "2659"]
[Black "Lagarde, Maxime"]
[BlackElo "2576"]
[Result "1/2-1/2"]

1. d4 {[%clk 1:35:48]} Nf6 {[%clk 1:40:28]} 2. c4 {[%clk 1:36:12]} g6
{[%clk 1:40:46]} 3. g3 {[%clk 1:36:25]} Bg7 {[%clk 1:39:53]} 4. Bg2
{[%clk 1:36:30]} O-O {[%clk 1:40:04]} 5. Nc3 {[%clk 1:36:47]} d6 {[%clk 1:39:28]}
6. Nf3 {[%clk 1:36:46]} Nbd7 {[%clk 1:38:11]} 7. O-O {[%clk 1:36:35]} e5
{[%clk 1:38:24]} 8. b3 {[%clk 1:34:03]} Re8 {[%clk 1:36:07]} 9. e4
{[%clk 1:26:27]} exd4 {[%clk 1:36:03]} 10. Nxd4 {[%clk 1:26:47]} a6
{[%clk 1:30:31]} 11. Bf4 {[%clk 1:22:53]} Ne5 {[%clk 1:20:34]} 12. h3
{[%clk 1:17:50]} Rb8 {[%clk 1:09:12]} 13. Rc1 {[%clk 1:15:45]} Bd7
{[%clk 1:01:50]} 14. Nde2 {[%clk 0:59:47]} b5 {[%clk 0:52:06]} 15. cxb5
{[%clk 0:48:40]} Bxb5 {[%clk 0:37:28]} 16. Nxb5 {[%clk 0:48:08]} axb5
{[%clk 0:37:43]} 17. Qd2 {[%clk 0:37:07]} Qc8 {[%clk 0:34:41]} 18. Nc3
{[%clk 0:27:38]} b4 {[%clk 0:34:07]} 19. Nd5 {[%clk 0:27:51]} Nxd5
{[%clk 0:34:31]} 20. exd5 {[%clk 0:28:08]} Nd7 {[%clk 0:34:32]} 21. Qc2
{[%clk 0:09:55]} Nc5 {[%clk 0:33:33]} 22. Qc4 {[%clk 0:10:20]} Qf5
{[%clk 0:31:17]} 23. Bd2 {[%clk 0:08:09]} h5 {[%clk 0:26:26]} 24. g4
{[%clk 0:02:26]} hxg4 {[%clk 0:25:50]} 25. hxg4 {[%clk 0:02:55]} Qd7
{[%clk 0:08:02]} 26. Rfe1 {[%clk 0:03:22]} Kf8 {[%clk 0:08:19]} 27. Rxe8+
{[%clk 0:02:28]} Qxe8 {[%clk 0:08:09]} 28. Be3 {[%clk 0:00:59]} Qb5
{[%clk 0:06:03]} 29. Bxc5 {[%clk 0:00:49]} Qxc5 {[%clk 0:05:52]} 30. Qxc5
{[%clk 0:01:11]} dxc5 {[%clk 0:06:20]} 31. Rxc5 {[%clk 0:01:37]} Be5
{[%clk 0:06:45]} 32. Bf1 {[%clk 0:00:51]} Bd6 {[%clk 0:06:40]} 1/2-1/2

[Event "Hastings Masters"]
[Site "Hastings, England"]
[Date "2015.01.05"
[Round "8.3"]
[White "Fier, Alexandr"]
[WhiteElo "2592"]
[Black "Hebden, Mark L"]
[BlackElo "2523"]
[Result "1-0"]

1. d4 {[%clk 1:40:57]} Nf6 {[%clk 1:40:48]} 2. c4 {[%clk 1:41:24]} g6
{[%clk 1:40:34]} 3. Nc3 {[%clk 1:41:49]} Bg7 {[%clk 1:40:58]} 4. e4
{[%clk 1:42:15]} d6 {[%clk 1:41:23]} 5. Be2 {[%clk 1:42:42]} O-O {[%clk 1:41:35]}
6. Bg5 {[%clk 1:43:08]} Nbd7 {[%clk 1:41:51]} 7. Qd2 {[%clk 1:43:16]} c5
{[%clk 1:41:47]} 8. d5 {[%clk 1:43:40]} b5 {[%clk 1:41:45]} 9. cxb5
{[%clk 1:44:05]} a6 {[%clk 1:42:03]} 10. Nf3 {[%clk 1:44:32]} Qa5
{[%clk 1:33:49]} 11. O-O {[%clk 1:44:43]} axb5 {[%clk 1:33:38]} 12. Bxb5
{[%clk 1:45:08]} Ba6 {[%clk 1:30:09]} 13. Bxa6 {[%clk 1:45:31]} Rxa6
{[%clk 1:29:09]} 14. h3 {[%clk 1:45:52]} Rb8 {[%clk 1:29:05]} 15. Rab1
{[%clk 1:36:41]} Rab6 {[%clk 1:25:37]} 16. Rfc1 {[%clk 1:35:24]} h6
{[%clk 1:21:06]} 17. Be3 {[%clk 1:30:55]} Kh7 {[%clk 1:21:12]} 18. b3
{[%clk 1:27:48]} Ne8 {[%clk 1:14:29]} 19. Na4 {[%clk 1:26:39]} Qxd2
{[%clk 1:13:33]} 20. Nxd2 {[%clk 1:27:05]} Ra6 {[%clk 1:13:37]} 21. Nc4
{[%clk 1:27:00]} Ne5 {[%clk 1:13:47]} 22. Nxe5 {[%clk 1:13:18]} Bxe5
{[%clk 1:14:08]} 23. Kf1 {[%clk 1:11:48]} f5 {[%clk 1:09:32]} 24. exf5
{[%clk 1:10:14]} gxf5 {[%clk 1:09:56]} 25. Re1 {[%clk 1:05:34]} Bf6
{[%clk 1:02:36]} 26. Bd2 {[%clk 1:04:19]} Kg6 {[%clk 1:01:25]} 27. Bc3
{[%clk 1:01:06]} Kf7 {[%clk 0:59:16]} 28. Bxf6 {[%clk 0:46:16]} Nxf6
{[%clk 0:59:07]} 29. Nc3 {[%clk 0:46:42]} Rb4 {[%clk 0:59:07]} 30. Re3
{[%clk 0:45:56]} Ra7 {[%clk 0:53:33]} 31. Rf3 {[%clk 0:43:11]} Kg6
{[%clk 0:52:18]} 32. Rd1 {[%clk 0:43:38]} Ne4 {[%clk 0:50:19]} 33. a4
{[%clk 0:36:06]} Ng5 {[%clk 0:48:43]} 34. Na2 {[%clk 0:29:58]} Rb8
{[%clk 0:45:39]} 35. Re3 {[%clk 0:28:35]} c4 {[%clk 0:43:18]} 36. bxc4
{[%clk 0:27:37]} Rxa4 {[%clk 0:43:35]} 37. Nc1 {[%clk 0:25:25]} Rb1
{[%clk 0:34:19]} 38. Rxe7 {[%clk 0:21:31]} Ne4 {[%clk 0:32:53]} 39. Re1
{[%clk 0:19:18]} Rxc4 {[%clk 0:27:52]} 40. Nd3 {[%clk 0:17:19]} Rb3
{[%clk 0:24:58]} 41. Nf4+ {[%clk 0:17:06]} Kg5 {[%clk 0:25:06]} 42. g3
{[%clk 0:13:51]} Rf3 {[%clk 0:19:18]} 43. Kg1 {[%clk 0:14:14]} Rxf4
{[%clk 0:15:20]} 44. gxf4+ {[%clk 0:13:29]} Kxf4 {[%clk 0:15:45]} 45. Re2
{[%clk 0:07:47]} Rd4 {[%clk 0:15:15]} 46. Kg2 {[%clk 0:07:57]} Rxd5
{[%clk 0:14:13]} 47. Re3 {[%clk 0:08:20]} Kg5 {[%clk 0:13:25]} 48. Rf7
{[%clk 0:06:32]} Kg6 {[%clk 0:12:43]} 49. Rf8 {[%clk 0:06:59]} Kg7
{[%clk 0:12:05]} 50. Ra8 {[%clk 0:06:47]} Rd2 {[%clk 0:12:08]} 51. Rf3
{[%clk 0:07:11]} Rd5 {[%clk 0:12:30]} 52. Rfa3 {[%clk 0:06:45]} Rd2
{[%clk 0:10:22]} 53. Ra2 {[%clk 0:07:06]} Rxa2 {[%clk 0:09:30]} 54. Rxa2
{[%clk 0:07:22]} Kf6 {[%clk 0:09:58]} 55. Ra8 {[%clk 0:07:39]} Ng5
{[%clk 0:10:14]} 56. Ra6 {[%clk 0:07:22]} Ke6 {[%clk 0:10:21]} 57. h4
{[%clk 0:07:29]} Nf7 {[%clk 0:10:30]} 58. Kg3 {[%clk 0:07:55]} Ke5
{[%clk 0:09:46]} 59. Ra7 {[%clk 0:08:19]} Kf6 {[%clk 0:09:48]} 60. Kf4
{[%clk 0:08:07]} Ne5 {[%clk 0:09:49]} 61. h5 {[%clk 0:05:37]} Nd3+
{[%clk 0:09:00]} 62. Ke3 {[%clk 0:06:02]} Ne5 {[%clk 0:09:19]} 63. f4
{[%clk 0:06:27]} 1-0

[Event "Hastings Masters"]
[Site "Hastings, England"]
[Date "2015.01.05"
[Round "8.4"]
[White "Arkell, Keith C"]
[WhiteElo "2489"]
[Black "Hawkins, Jonathan"]
[BlackElo "2552"]
[Result "1/2-1/2"]

1. d4 {[%clk 1:35:06]} Nf6 {[%clk 1:40:10]} 2. Nf3 {[%clk 1:35:30]} b6
{[%clk 1:39:40]} 3. c4 {[%clk 1:35:41]} e6 {[%clk 1:39:59]} 4. a3
{[%clk 1:35:52]} Bb7 {[%clk 1:40:12]} 5. Nc3 {[%clk 1:36:16]} d5 {[%clk 1:40:23]}
6. cxd5 {[%clk 1:36:32]} Nxd5 {[%clk 1:40:47]} 7. Bg5 {[%clk 1:36:26]} Nxc3
{[%clk 1:38:30]} 8. bxc3 {[%clk 1:36:51]} Be7 {[%clk 1:38:45]} 9. Bxe7
{[%clk 1:37:13]} Qxe7 {[%clk 1:39:09]} 10. e3 {[%clk 1:37:37]} O-O
{[%clk 1:39:13]} 11. Be2 {[%clk 1:37:56]} c5 {[%clk 1:39:24]} 12. O-O
{[%clk 1:37:24]} Nc6 {[%clk 1:39:23]} 1/2-1/2

[Event "Hastings Masters"]
[Site "Hastings, England"]
[Date "2015.01.05"
[Round "8.5"]
[White "Hunt, Adam C"]
[WhiteElo "2437"]
[Black "Mista, Aleksander"]
[BlackElo "2614"]
[Result "0-1"]

1. e4 {[%clk 1:40:55]} c5 {[%clk 1:40:53]} 2. Nf3 {[%clk 1:41:04]} e6
{[%clk 1:41:18]} 3. d4 {[%clk 1:41:11]} cxd4 {[%clk 1:41:45]} 4. Nxd4
{[%clk 1:41:31]} a6 {[%clk 1:42:07]} 5. Bd3 {[%clk 1:40:04]} Nf6 {[%clk 1:42:31]}
6. O-O {[%clk 1:38:44]} Qc7 {[%clk 1:42:52]} 7. Qe2 {[%clk 1:35:10]} d6
{[%clk 1:43:16]} 8. c4 {[%clk 1:28:51]} g6 {[%clk 1:43:37]} 9. Nc3
{[%clk 1:27:41]} Bg7 {[%clk 1:43:59]} 10. Be3 {[%clk 1:23:48]} O-O
{[%clk 1:42:29]} 11. f4 {[%clk 1:20:26]} Nbd7 {[%clk 1:32:50]} 12. Rac1
{[%clk 1:16:27]} b6 {[%clk 1:32:16]} 13. b4 {[%clk 1:12:31]} Bb7 {[%clk 1:31:47]}
14. Nb3 {[%clk 1:10:28]} Rab8 {[%clk 1:17:16]} 15. Rfd1 {[%clk 1:02:44]} Rfc8
{[%clk 1:13:30]} 16. Kh1 {[%clk 0:53:23]} Qd8 {[%clk 1:11:19]} 17. a4
{[%clk 0:33:51]} Nh5 {[%clk 1:05:12]} 18. Qf2 {[%clk 0:32:05]} Qe7
{[%clk 0:56:13]} 19. Nd2 {[%clk 0:24:23]} d5 {[%clk 0:38:12]} 20. exd5
{[%clk 0:23:51]} Qxb4 {[%clk 0:38:07]} 21. dxe6 {[%clk 0:22:33]} fxe6
{[%clk 0:38:31]} 22. Nde4 {[%clk 0:22:02]} Rf8 {[%clk 0:36:34]} 23. Qh4
{[%clk 0:18:08]} Nc5 {[%clk 0:25:14]} 24. Nxc5 {[%clk 0:15:49]} bxc5
{[%clk 0:25:41]} 25. Ne4 {[%clk 0:16:05]} Bd4 {[%clk 0:23:17]} 26. Bxd4
{[%clk 0:12:08]} cxd4 {[%clk 0:23:45]} 27. Rf1 {[%clk 0:12:05]} Qa3
{[%clk 0:21:28]} 28. Rcd1 {[%clk 0:10:58]} Bc6 {[%clk 0:20:59]} 29. Ng5
{[%clk 0:09:46]} Rb2 {[%clk 0:19:25]} 30. Be4 {[%clk 0:09:36]} Bxe4
{[%clk 0:18:01]} 31. Nxe4 {[%clk 0:10:00]} Qe3 {[%clk 0:16:30]} 32. Ng5
{[%clk 0:06:20]} d3 {[%clk 0:14:22]} 33. Qh3 {[%clk 0:04:41]} Qxh3
{[%clk 0:13:59]} 34. Nxh3 {[%clk 0:05:06]} d2 {[%clk 0:13:19]} 35. Rf2
{[%clk 0:03:10]} Rd8 {[%clk 0:13:39]} 36. Ng5 {[%clk 0:03:26]} Rc2
{[%clk 0:12:08]} 37. g3 {[%clk 0:02:17]} Rc1 {[%clk 0:11:21]} 38. Rff1
{[%clk 0:02:41]} Rxc4 {[%clk 0:11:41]} 39. Kg2 {[%clk 0:01:53]} Nf6
{[%clk 0:11:01]} 40. Rf2 {[%clk 0:01:07]} h6 {[%clk 0:08:57]} 41. Nf3
{[%clk 0:45:38]} Ne4 {[%clk 0:59:14]} 42. Re2 {[%clk 0:43:08]} Rxa4
{[%clk 0:58:52]} 43. Ne5 {[%clk 0:42:02]} g5 {[%clk 0:54:20]} 44. Kf3
{[%clk 0:40:44]} Rdd4 {[%clk 0:54:20]} 45. Re3 {[%clk 0:39:31]} Nd6
{[%clk 0:51:25]} 46. fxg5 {[%clk 0:34:23]} hxg5 {[%clk 0:51:37]} 47. Nc6
{[%clk 0:34:42]} Rdc4 {[%clk 0:50:51]} 48. Rxd2 {[%clk 0:31:12]} Rxc6
{[%clk 0:51:16]} 49. Rxe6 {[%clk 0:31:26]} Rc3+ {[%clk 0:51:09]} 50. Kg2
{[%clk 0:31:11]} Nf7 {[%clk 0:51:32]} 51. Rf2 {[%clk 0:29:38]} Rc7
{[%clk 0:51:28]} 52. h4 {[%clk 0:27:29]} gxh4 {[%clk 0:49:16]} 53. gxh4
{[%clk 0:27:45]} Rcc4 {[%clk 0:43:25]} 54. Rff6 {[%clk 0:21:59]} Rc2+
{[%clk 0:41:41]} 55. Kf3 {[%clk 0:21:48]} Rc3+ {[%clk 0:41:42]} 56. Kf2
{[%clk 0:21:32]} a5 {[%clk 0:41:28]} 57. Re7 {[%clk 0:20:24]} Ra2+
{[%clk 0:39:53]} 58. Re2 {[%clk 0:20:43]} Rxe2+ {[%clk 0:38:37]} 59. Kxe2
{[%clk 0:21:07]} Ne5 {[%clk 0:38:21]} 60. Kd2 {[%clk 0:19:48]} Rc5
{[%clk 0:38:39]} 61. Ke3 {[%clk 0:17:32]} Nc6 {[%clk 0:38:04]} 62. Kd3
{[%clk 0:17:09]} a4 {[%clk 0:37:16]} 63. Rf1 {[%clk 0:14:03]} a3 {[%clk 0:37:16]}
64. Ra1 {[%clk 0:13:59]} Nb4+ {[%clk 0:37:27]} 65. Kd4 {[%clk 0:13:17]} Rc8
{[%clk 0:37:31]} 0-1

[Event "Hastings Masters"]
[Site "Hastings, England"]
[Date "2015.01.05"
[Round "8.6"]
[White "Gormally, Daniel W"]
[WhiteElo "2499"]
[Black "Bogner, Sebastian"]
[BlackElo "2586"]
[Result "1/2-1/2"]

1. d4 Nf6 2. c4 e6 3. Nf3 b6 4. g3 Bb7 5. Bg2 g6 6. O-O Bg7 7. Nc3 Ne4 8. Qd3
Nxc3 9. bxc3 O-O 10. Ne1 d5 11. cxd5 Bxd5 12. Nf3 c5 13. e4 Bb7 14. Rd1 Nd7 15.
Bg5 Bf6 16. Bh6 Re8 17. Qe3 Qc7 18. Rac1 e5 19. Ng5 Bg7 20. Bxg7 Kxg7 21. dxe5
Nxe5 22. f4 h6 23. Nh3 Ng4 24. Qe2 h5 25. Nf2 Nxf2 26. Kxf2 Rad8 27. Rxd8 Rxd8
28. Rd1 Rxd1 29. Qxd1 Qc6 30. c4 b5 31. cxb5 Qxb5 32. Qa1+ Kh7 33. Qf6 Qc4 34. f5
Qc2+ 35. Ke1 Qc1+ 36. Ke2 Qc2+ 37. Ke1 Qc1+ 38. Ke2 Qc4+ 39. Ke3 {[%clk 0:05:13]}
1/2-1/2

[Event "Hastings Masters"]
[Site "Hastings, England"]
[Date "2015.01.05"
[Round "8.7"]
[White "Kjartansson, Gudmundur"]
[WhiteElo "2451"]
[Black "Kheit, Wahbi"]
[BlackElo "2223"]
[Result "1-0"]

1. Nf3 Nf6 2. c4 e6 3. g3 d5 4. Bg2 dxc4 5. Qc2 a6 6. Ne5 Nbd7 7. Nxc4 h5 8. h4
Bc5 9. O-O O-O 10. d3 c6 11. e3 b5 12. d4 Be7 13. Ncd2 Bb7 14. Nb3 Qb6 15. Bd2 a5
16. Rc1 Rfc8 17. Nc5 Nxc5 18. dxc5 Qc7 19. a3 Rd8 20. b4 Ng4 21. Bc3 g5 22. hxg5
Bxg5 23. Nd2 h4 24. Qe4 Nxf2 25. Kxf2 Qxg3+ 26. Ke2 Bxe3 27. Qxe3 Qxg2+ 28. Qf2
Qg4+ 29. Qf3 Qxf3+ 30. Nxf3 axb4 31. axb4 h3 32. Bf6 Rxa1 33. Rxa1 Ra8 34. Rxa8+
Bxa8 35. Kf2 h2 36. Kg2 h1=R 37. Kxh1 Kh7 38. Ne5 Kh6 39. Kg2 Kh7 40. Kg3 Kg8 41.
Kf4 Bb7 42. Ke4 Bc8 43. Kd4 Bb7 44. Nd7 Kh7 45. Ke5 1-0

[Event "Hastings Masters"]
[Site "Hastings, England"]
[Date "2015.01.05"
[Round "8.8"]
[White "Constantinou, Peter"]
[WhiteElo "2276"]
[Black "Rodshtein, Maxim"]
[BlackElo "2676"]
[Result "0-1"]

1. d4 {[%clk 1:40:56]} Nf6 {[%clk 1:40:55]} 2. Nf3 {[%clk 1:41:12]} e6
{[%clk 1:40:18]} 3. c3 {[%clk 1:39:42]} c5 {[%clk 1:38:45]} 4. Bg5
{[%clk 1:39:53]} h6 {[%clk 1:37:42]} 5. Bxf6 {[%clk 1:39:14]} Qxf6
{[%clk 1:36:28]} 6. e4 {[%clk 1:39:04]} cxd4 {[%clk 1:35:01]} 7. cxd4
{[%clk 1:39:01]} Bb4+ {[%clk 1:35:26]} 8. Nbd2 {[%clk 1:38:18]} O-O
{[%clk 1:32:45]} 9. Bd3 {[%clk 1:35:26]} d6 {[%clk 1:27:12]} 10. O-O
{[%clk 1:27:56]} e5 {[%clk 1:26:52]} 11. Nc4 {[%clk 1:19:02]} exd4
{[%clk 1:23:24]} 12. a3 {[%clk 1:16:34]} Bc5 {[%clk 1:23:32]} 13. b4
{[%clk 1:15:56]} Bb6 {[%clk 1:23:01]} 14. Nxb6 {[%clk 1:13:51]} axb6
{[%clk 1:23:27]} 15. Bb5 {[%clk 1:06:19]} Nc6 {[%clk 1:23:34]} 16. Bxc6
{[%clk 1:05:03]} bxc6 {[%clk 1:24:00]} 17. Qxd4 {[%clk 1:04:47]} Qxd4
{[%clk 1:24:25]} 18. Nxd4 {[%clk 1:05:10]} Bd7 {[%clk 1:24:53]} 19. Rfd1
{[%clk 0:57:13]} Rfd8 {[%clk 1:25:18]} 20. Nc2 {[%clk 0:49:26]} Be6
{[%clk 1:21:45]} 21. Ne3 {[%clk 0:45:03]} c5 {[%clk 1:18:05]} 22. Rac1
{[%clk 0:38:13]} Kf8 {[%clk 1:13:20]} 23. Rd3 {[%clk 0:35:44]} Ke7
{[%clk 1:13:15]} 24. f3 {[%clk 0:34:44]} Ra4 {[%clk 1:11:38]} 25. Rb1
{[%clk 0:32:20]} Rd7 {[%clk 1:10:03]} 26. Kf2 {[%clk 0:30:59]} g5
{[%clk 1:01:03]} 27. Ke2 {[%clk 0:19:45]} Kd8 {[%clk 0:54:08]} 28. Kf2
{[%clk 0:15:04]} Kc7 {[%clk 0:47:37]} 29. Rc3 {[%clk 0:13:34]} Kb7
{[%clk 0:36:56]} 30. Ke2 {[%clk 0:11:47]} Rc7 {[%clk 0:36:08]} 31. Rb2
{[%clk 0:10:39]} Kc6 {[%clk 0:34:03]} 32. Nc2 {[%clk 0:07:27]} Kd7
{[%clk 0:34:17]} 33. Ne3 {[%clk 0:06:16]} Rca7 {[%clk 0:34:16]} 34. Rd2
{[%clk 0:04:47]} Rxa3 {[%clk 0:32:51]} 35. Rxa3 {[%clk 0:03:56]} Rxa3
{[%clk 0:33:15]} 36. e5 {[%clk 0:02:22]} cxb4 {[%clk 0:33:36]} 37. Rxd6+
{[%clk 0:02:26]} Kc7 {[%clk 0:34:00]} 38. g3 {[%clk 0:00:40]} b3 {[%clk 0:33:27]}
39. Rd2 {[%clk 0:00:42]} Ra2 {[%clk 0:29:48]} 40. Nd1 {[%clk 0:00:58]} Kc6
{[%clk 0:29:02]} 41. Nc3 {[%clk 0:50:26]} Kc5 {[%clk 1:16:03]} 0-1

[Event "Hastings Masters"]
[Site "Hastings, England"]
[Date "2015.01.05"
[Round "8.9"]
[White "Maisuradze, Nino"]
[WhiteElo "2323"]
[Black "Sengupta, Deep"]
[BlackElo "2566"]
[Result "0-1"]

1. d4 {[%clk 1:40:59]} b6 {[%clk 1:40:53]} 2. c4 {[%clk 1:40:38]} Bb7
{[%clk 1:41:18]} 3. Nc3 {[%clk 1:41:02]} e6 {[%clk 1:39:40]} 4. e4
{[%clk 1:40:37]} Bb4 {[%clk 1:39:39]} 5. Bd3 {[%clk 1:40:48]} f5 {[%clk 1:39:12]}
6. Qh5+ {[%clk 1:25:20]} g6 {[%clk 1:39:00]} 7. Qe2 {[%clk 1:25:46]} Nf6
{[%clk 1:38:30]} 8. Bg5 {[%clk 1:25:04]} h6 {[%clk 1:38:23]} 9. Bxf6
{[%clk 1:25:33]} Qxf6 {[%clk 1:38:45]} 10. a3 {[%clk 1:22:53]} Bxc3+
{[%clk 1:29:11]} 11. bxc3 {[%clk 1:23:22]} c5 {[%clk 1:25:39]} 12. Nf3
{[%clk 1:23:18]} Nc6 {[%clk 1:26:03]} 13. O-O {[%clk 1:22:20]} O-O
{[%clk 1:20:18]} 14. dxc5 {[%clk 0:48:07]} bxc5 {[%clk 1:18:23]} 15. Qe3
{[%clk 0:48:16]} Qg7 {[%clk 1:17:29]} 16. Qxc5 {[%clk 0:41:10]} Rac8
{[%clk 1:17:15]} 17. e5 {[%clk 0:37:44]} Nb8 {[%clk 0:57:27]} 18. Qe3
{[%clk 0:36:21]} Bxf3 {[%clk 0:57:43]} 19. gxf3 {[%clk 0:36:21]} f4
{[%clk 0:47:47]} 20. Qe4 {[%clk 0:28:26]} Nc6 {[%clk 0:47:06]} 21. Rab1
{[%clk 0:19:48]} Rf5 {[%clk 0:41:51]} 22. Rb7 {[%clk 0:19:34]} Qe7
{[%clk 0:22:18]} 23. Kh1 {[%clk 0:19:11]} Kh8 {[%clk 0:21:21]} 24. Rg1
{[%clk 0:17:28]} g5 {[%clk 0:20:49]} 25. Rd1 {[%clk 0:15:16]} Qg7
{[%clk 0:18:42]} 26. Bc2 {[%clk 0:13:42]} Rf7 {[%clk 0:16:47]} 27. Ba4
{[%clk 0:12:33]} Nxe5 {[%clk 0:15:21]} 28. Rxa7 {[%clk 0:12:47]} g4
{[%clk 0:13:55]} 29. Ra8 {[%clk 0:00:45]} Rxa8 {[%clk 0:13:49]} 30. Qxa8+
{[%clk 0:01:14]} Rf8 {[%clk 0:14:13]} 31. Qe4 {[%clk 0:01:30]} Rg8
{[%clk 0:11:25]} 32. fxg4 {[%clk 0:00:38]} Nxg4 {[%clk 0:11:40]} 33. Qe2
{[%clk 0:00:35]} f3 {[%clk 0:10:35]} 34. Qxf3 {[%clk 0:00:37]} Rf8
{[%clk 0:10:49]} 35. Qg3 {[%clk 0:00:40]} Nxf2+ {[%clk 0:09:31]} 36. Kg2
{[%clk 0:01:09]} Nxd1 {[%clk 0:09:53]} 37. Qxg7+ {[%clk 0:01:17]} Kxg7
{[%clk 0:10:22]} 38. Bxd1 {[%clk 0:01:46]} Rc8 {[%clk 0:10:20]} 39. Bb3
{[%clk 0:01:15]} Ra8 {[%clk 0:09:41]} 40. a4 {[%clk 0:01:40]} Rb8
{[%clk 0:10:07]} 41. Bd1 {[%clk 0:02:02]} Rb1 {[%clk 0:10:27]} 42. Bh5
{[%clk 0:50:06]} Kf6 {[%clk 1:00:38]} 0-1

[Event "Hastings Masters"]
[Site "Hastings, England"]
[Date "2015.01.05"
[Round "8.10"]
[White "Flear, Glenn C"]
[WhiteElo "2460"]
[Black "Sowray, Peter J"]
[BlackElo "2365"]
[Result "1-0"]

1. d4 {[%clk 1:40:57]} d6 {[%clk 1:40:49]} 2. c4 {[%clk 1:40:54]} e5
{[%clk 1:41:11]} 3. d5 {[%clk 1:41:00]} f5 {[%clk 1:41:30]} 4. e4
{[%clk 1:40:41]} fxe4 {[%clk 1:41:52]} 5. Nc3 {[%clk 1:40:59]} Nf6
{[%clk 1:42:14]} 6. Nge2 {[%clk 1:41:00]} Bf5 {[%clk 1:42:33]} 7. Ng3
{[%clk 1:41:19]} Bg6 {[%clk 1:42:56]} 8. Bg5 {[%clk 1:40:19]} Be7
{[%clk 1:41:02]} 9. h4 {[%clk 1:35:23]} h6 {[%clk 1:35:35]} 10. Bxf6
{[%clk 1:35:42]} gxf6 {[%clk 1:33:36]} 11. Be2 {[%clk 1:27:45]} O-O
{[%clk 1:13:16]} 12. Bh5 {[%clk 1:23:59]} Qe8 {[%clk 1:07:32]} 13. Qg4
{[%clk 1:18:12]} Kh7 {[%clk 1:06:44]} 14. Bxg6+ {[%clk 1:17:13]} Qxg6
{[%clk 1:07:06]} 15. Qxg6+ {[%clk 1:17:31]} Kxg6 {[%clk 1:07:28]} 16. h5+
{[%clk 1:17:45]} Kh7 {[%clk 1:00:55]} 17. Nf5 {[%clk 1:17:47]} Rf7
{[%clk 1:01:19]} 18. Nxe4 {[%clk 1:16:47]} Nd7 {[%clk 1:00:47]} 19. Ke2
{[%clk 1:06:06]} Bf8 {[%clk 0:50:06]} 20. Rh3 {[%clk 1:03:43]} Nc5
{[%clk 0:46:46]} 21. Nxc5 {[%clk 1:00:50]} dxc5 {[%clk 0:47:12]} 22. Kf3
{[%clk 1:00:27]} Bd6 {[%clk 0:45:38]} 23. Ke4 {[%clk 0:57:06]} Rg8
{[%clk 0:44:15]} 24. Rg3 {[%clk 0:54:55]} Rg5 {[%clk 0:37:48]} 25. Rxg5
{[%clk 0:51:18]} fxg5 {[%clk 0:37:51]} 26. Rd1 {[%clk 0:49:57]} Rf8
{[%clk 0:32:00]} 27. Rd3 {[%clk 0:49:33]} g4 {[%clk 0:30:23]} 28. Rg3
{[%clk 0:40:25]} Rg8 {[%clk 0:30:17]} 29. f3 {[%clk 0:39:11]} gxf3
{[%clk 0:24:34]} 30. Rxg8 {[%clk 0:38:17]} f2 {[%clk 0:24:09]} 31. Ng3
{[%clk 0:38:07]} Kxg8 {[%clk 0:24:17]} 32. Ke3 {[%clk 0:37:32]} Kf7
{[%clk 0:04:55]} 33. Kxf2 {[%clk 0:37:53]} Bf8 {[%clk 0:04:16]} 34. Kf3
{[%clk 0:37:42]} Ke7 {[%clk 0:03:35]} 35. Ne4 {[%clk 0:36:18]} Kd7
{[%clk 0:03:38]} 36. Kg4 {[%clk 0:35:33]} c6 {[%clk 0:03:28]} 37. dxc6+
{[%clk 0:35:02]} Kxc6 {[%clk 0:03:50]} 38. Kf5 {[%clk 0:35:16]} Kd7
{[%clk 0:03:41]} 39. Kf6 {[%clk 0:35:00]} a6 {[%clk 0:02:27]} 40. b3
{[%clk 0:35:12]} b5 {[%clk 0:02:01]} 41. g4 {[%clk 0:32:44]} 1-0

[Event "Hastings Masters"]
[Site "Hastings, England"]
[Date "2015.01.05"
[Round "8.11"]
[White "Gledura, Benjamin"]
[WhiteElo "2450"]
[Black "Olsarova, Tereza"]
[BlackElo "2302"]
[Result "1-0"]

1. c4 {[%clk 1:40:57]} e5 {[%clk 1:40:49]} 2. Nc3 {[%clk 1:41:18]} Nf6
{[%clk 1:41:11]} 3. e3 {[%clk 1:41:38]} Bb4 {[%clk 1:38:46]} 4. Nge2
{[%clk 1:41:42]} c6 {[%clk 1:31:35]} 5. a3 {[%clk 1:37:56]} Bd6 {[%clk 1:25:03]}
6. d4 {[%clk 1:34:31]} O-O {[%clk 1:20:02]} 7. g3 {[%clk 1:31:52]} Qe7
{[%clk 1:14:59]} 8. Bg2 {[%clk 1:29:33]} a5 {[%clk 1:13:53]} 9. O-O
{[%clk 1:28:29]} Bc7 {[%clk 1:03:59]} 10. b3 {[%clk 1:25:43]} Rd8
{[%clk 0:59:51]} 11. d5 {[%clk 1:21:39]} d6 {[%clk 0:58:30]} 12. Bb2
{[%clk 1:21:22]} h5 {[%clk 0:52:18]} 13. h3 {[%clk 1:19:10]} h4 {[%clk 0:50:13]}
14. g4 {[%clk 1:19:08]} Nh7 {[%clk 0:50:19]} 15. Qc2 {[%clk 1:16:29]} Rf8
{[%clk 0:49:17]} 16. f4 {[%clk 1:12:00]} Bb6 {[%clk 0:44:40]} 17. Kh1
{[%clk 1:12:09]} Bxe3 {[%clk 0:40:24]} 18. Rae1 {[%clk 1:08:44]} Bb6
{[%clk 0:38:39]} 19. Ne4 {[%clk 1:04:22]} cxd5 {[%clk 0:38:20]} 20. cxd5
{[%clk 1:04:26]} f5 {[%clk 0:33:48]} 21. fxe5 {[%clk 0:59:38]} fxe4
{[%clk 0:31:14]} 22. Rxf8+ {[%clk 0:59:11]} Qxf8 {[%clk 0:29:52]} 23. Rf1
{[%clk 0:59:30]} Qe8 {[%clk 0:29:06]} 24. e6 Bxe6 {[%clk 0:29:06]} 25. dxe6 Nc6
{[%clk 0:29:06]} 26. Qxe4 Ng5 {[%clk 0:29:06]} 27. Qf5 Be3 {[%clk 0:29:06]} 28.
Qd3 Bc5 {[%clk 0:29:06]} 29. Bd5 Qe7 {[%clk 0:29:06]} 30. Rf7 Rf8
{[%clk 0:29:06]} 31. Qg6 1-0